கிழக்கிலங்கையில் முருக வழிபாடு: வரலாறும் வழமைகளும்/
Saved in:
| Main Author: | |
|---|---|
| Format: | Book |
| Language: | English Tamil |
| Published: |
கொழும்பு:
குமரன் புத்தக இல்லம்,
2024.
|
| Subjects: | |
| Tags: |
Add Tag
No Tags, Be the first to tag this record!
|
MARC
| LEADER | 00000nam a22000007a 4500 | ||
|---|---|---|---|
| 005 | 20260409135952.0 | ||
| 008 | 260409b |||||||| |||| 00| 0 eng d | ||
| 020 | |a 9786246164829 | ||
| 041 | |a tam | ||
| 082 | |a 294.5095493 |b குணபா | ||
| 100 | |a குணபாலசிங்கம்,வ |9 117096 | ||
| 245 | |a கிழக்கிலங்கையில் முருக வழிபாடு: |b வரலாறும் வழமைகளும்/ |c வ.குணபாலசிங்கம் | ||
| 260 | |a கொழும்பு: |b குமரன் புத்தக இல்லம், |c 2024. | ||
| 300 | |a xvii;254பக் |b ill;map |c 21.5cm | ||
| 500 | |a Purchase | ||
| 650 | |a முருக வழிபாடு |9 17067 | ||
| 942 | |c REF | ||
| 999 | |c 71173 |d 71173 | ||